El control de las enfermedades transmisibles / (Registro nro. 141323)
[ vista simple ]
| 000 -LEADER | |
|---|---|
| fixed length control field | 00740nam a22002177a 4500 |
| 005 - DATE AND TIME OF LATEST TRANSACTION | |
| control field | 20180605110837.0 |
| 008 - FIXED-LENGTH DATA ELEMENTS--GENERAL INFORMATION | |
| fixed length control field | 111021t wau||||| |||| 00| 0 spa d |
| 020 ## - INTERNATIONAL STANDARD BOOK NUMBER | |
| International Standard Book Number | 9789275316351 |
| 050 04 - LIBRARY OF CONGRESS CALL NUMBER | |
| Classification number | RA643 |
| Item number | C66 2011 |
| 240 1# - UNIFORM TITLE | |
| Uniform title | Control of communicable diseases manual |
| Language of a work | Español |
| 245 03 - TITLE STATEMENT | |
| Title | El control de las enfermedades transmisibles / |
| Statement of responsibility, etc | Editor, Heymann David L. |
| 250 ## - EDITION STATEMENT | |
| Edition statement | 19a ed. |
| 260 ## - PUBLICATION, DISTRIBUTION, ETC. (IMPRINT) | |
| Place of publication, distribution, etc | Washington D.C. : |
| Name of publisher, distributor, etc | Organizacion Panamericana de la Salud, |
| Date of publication, distribution, etc | 2011 |
| 300 ## - PHYSICAL DESCRIPTION | |
| Extent | xxvii, 865 p. ; |
| Dimensions | 18 cm. |
| 490 #0 - SERIES STATEMENT | |
| Series statement | Publicación Cientifica y Técnica |
| Volume number/sequential designation | no. 635 |
| 504 ## - BIBLIOGRAPHY, ETC. NOTE | |
| Bibliography, etc | Incluye indice |
| 506 ## - RESTRICTIONS ON ACCESS NOTE | |
| Terms governing access | Bib. Med. ISO 2011 |
| 650 #7 - SUBJECT ADDED ENTRY--TOPICAL TERM | |
| Topical term or geographic name as entry element | Enfermedades transmisibles |
| Source of heading or term | lemb |
| 700 1# - ADDED ENTRY--PERSONAL NAME | |
| Personal name | Heymann, David L. |
| Relator term | editor |
| 942 ## - ADDED ENTRY ELEMENTS (KOHA) | |
| Source of classification or shelving scheme | Biblioteca del Cogreso de los Estados Unidos |
| Koha item type | Libro |
| Estado de pérdida | Fuente de clasificación | Estado del daño | No para préstamo | Ubicación permanente | Ubicación actual | Apartado o colección | Fecha de adquisición | Fuente de adquisición | Edición | Área del conocimiento | Clasificación | Código de Barras | Date last seen | Número de copia | Tipo de recurso |
|---|---|---|---|---|---|---|---|---|---|---|---|---|---|---|---|
| Biblioteca del Cogreso de los Estados Unidos | Biblioteca de la Escuela de Enfermería y Salud Pública | Biblioteca de la Escuela de Enfermería y Salud Pública | Consulta | 05/06/2018 | Unidad Académica | 19a ed. | Ciencias de la Salud | RA643 C66 2011 | ENT000003616 | 05/06/2018 | 1 | Libro |